Statistics for Country Flags With Only Stripes

Click here to take the quiz!

General Stats

  • This quiz has been taken 20 times
  • The average score is 33 of 39

Answer Stats

Answer% Correct
Austria
100%
Belgium
100%
France
100%
Germany
100%
Ireland
100%
Italy
100%
Russia
100%
Estonia
95%
Netherlands
95%
Poland
95%
Bulgaria
89%
Hungary
89%
Indonesia
89%
Ivory Coast
89%
Luxembourg
89%
Monaco
89%
Nigeria
89%
Ukraine
89%
Yemen
89%
Colombia
84%
Costa Rica
84%
Latvia
84%
Peru
84%
Thailand
84%
United Arab Emirates
79%
Armenia
74%
Benin
74%
Chad
74%
Gabon
74%
Guinea
74%
Madagascar
74%
Romania
74%
Botswana
68%
Lithuania
68%
Mali
68%
Sierra Leone
68%
Gambia
63%
Mauritius
63%
Bolivia
58%

Score Distribution

Percentile by Number Answered

Percent of People with Each Score

Your Score History

You have not taken this quiz